| 000 | 00826cam a2200253 i 4500 | ||
|---|---|---|---|
| 008 | |||
| 020 | _a9781137320049 (pbk. ) | ||
| 049 | _aMAIN | ||
| 090 |
_aPN1590.P76 _bEMB |
||
| 245 | 0 | 0 |
_aEmbodied consciousness : _bperformance technologies / _cedited by Jade Rosina McCutcheon and Barbara Sellers-Young. |
| 260 |
_aHoundmills : _bPalgrave Macmillan, _c2013. |
||
| 300 |
_axiii, 229 p. ; _c23 cm |
||
| 500 | _aIncludes index. | ||
| 504 | _aIncludes biblographical references. | ||
| 650 | 0 |
_aPerforming arts _xPsychological aspects |
|
| 650 | 0 | _aConsciousness | |
| 700 | 1 | _aMcCutcheon, Jade Rosina | |
| 700 | 1 | _aSellers-Young, Barbara | |
| 907 |
_a.b1039011x _b07-03-18 _c07-03-18 |
||
| 003 | |||
| 005 | 20230123141107.0 | ||
| 040 | _cNUST | ||
| 942 |
_cBOOKS _kPN1590.P76 _mEMB |
||
| 999 |
_c167575 _d167575 |
||